000
00231nam a2200097Ia 4500
005
20251222114403.0
008
251222s1900||||xx |||||||||||||| ||spa||
082
_a
DVD0097/L95
245
0
_a
Lumiere y compañía. Lo mejor.
942
_c
DVD
999
_c
1740
_d
1740